Регионална библиотека "Любен Каравелов" - Русе

Петдесет нюанса (Запис номер 134242)

MARC детайли
000 -Лидер
Контролно поле с фиксирана дължина 01666nam a2200361 c 4500
003 - Код на организацията, давaща контролен номер
Контролно поле BLK
005 - Дата и час на последна редакция
Контролно поле 20250801110644.0
008 - Елементи от данни с фиксирана дължина
fixed length control field 180409b bul|||||r ||||||| ||bul||
010 ## - Наследен системен номер
LC control number KNG00140149000
020 ## - Международен стандартен номер на книга ISBN
Международен стандартен номер на книга ISBN 978-954-655-330-0
-- издат.: Бард - на том(кн. 1)
040 ## - Източник на каталожния запис
Идентификатор на билиотеката - собственик на записа BLK
041 ## - Код за език
Код за езика на текст/звукозапис или на отделно заглавие Български
Код за езика КДБФ Български
072 #7 - Код за тематичната категория
Код организация bullib
Код за тематична категория Н83
Текст Чужда художествена литература Н
080 ## - УДК
Текстов определител УДК Английска литература
УДК код - определител по УДК 821.111
УДК определител -31
УДК - код + определител 821.111-31
100 1# - Редна дума - Автор
Автор Джеймс, Е. Л.
Авторска отговорност първи автор
R(LIN) 324309
139 ## - Редно поле
Редна дума Джеймс, Е. Л.
Авторски знак Дже - Д 50
245 10 - Сведения за заглавието
Заглавие Петдесет нюанса
Подзаглавни данни Кн. 1 - 3
Редно поле (дума) Е. Л. Джеймс; прев. на англ. на том Гергана Дечева.
Том Кн. 1
Заглавие на том Сиво
257 ## - Страна на издаване
Страна на създаване/издаване Великобритания
260 ## - Област на издателските данни
-- София
Година на издаване 2012
Печатница София : Мултипринт
300 ## - Физическа характеристика
Размери/Мащаб 21 см
380 ## - Жанр
Жанр Худож. лит.
500 ## - Общи забележки
Забележка Е. Л. Джеймс - псевд. на Erika Leonard. - Офс. изд.
653 ## - Ключова дума – ненормативна
Ключова дума романи
659 ## - Тематичен бюлетин
Тематичен бюлетин Н
700 1# - Други автори (авторска отговорност)
Лично име Дечева, Гергана
Автороска отговорност (Описва отношението между автора и произведението) прев. на англ. на том
9 (RLIN) 378634
760 1# - Описание на основната серия
-- - на том(кн. 1)
Редна дума на основното описание Джеймс, Е. Л.
Място на издаване, издател и година Бард, 2012
Страници - том 496 с.
Забележка - том Ориг. загл. Fifty Shades of Grey / E. L. James. - Кн. 1 от трилогията Петдесет нюанса. - Името на прев. отбелязано на гърба на предзагл. с.
Заглавие Кн. 1 Сиво
852 ## - Местоположение
Форматна сигнатура Цб 258559
856 4# - Електронен адрес и достъп
Електронен формат pdf - файл
Път до файла /url/
856 4# - Електронен адрес и достъп
Електронен формат pdf - файл
Път до файла /url/
942 ## - АРТИКУЛИ
Вид на библиотечния материал Книги
Скрит в OPAC Не
Koha issues (borrowed), all copies 83
944 ## - СЪЗДАВАНЕ И РЕДАКЦИЯ на ЗАПИСА
Създаване/Редакция Създаване
Дата на регистрацията/редакция 28.02.2013
Статус, дата на статуса Русанова Ирена
Служител, извършил регистрацията/редакцията 30542
944 ## - СЪЗДАВАНЕ И РЕДАКЦИЯ на ЗАПИСА
Създаване/Редакция Редакция
Дата на регистрацията/редакция 20.02.2014
Статус, дата на статуса ф /
Служител, извършил регистрацията/редакцията
999 ## - СИСТЕМНИ КОНТРОЛНИ НОМЕРА
Koha biblionumber 134242
Koha biblioitemnumber 134242
Наличности
Код за отписване Код за изгубен артикул Код за повреда Коз за рестрикции Код за отдаване Артикулен № Име на библиотеката - собственик Име на библиотеката, в която се намира в момента Статус (Текущо местоположение) Дата на вписване в системата Местоположение - отдел Цена в лева Инвентарен номер Систематично азбучна сигнатура Баркод Номер на екземпляра Цена в евро Служебна бележка Служебен тип на артикула Източник на класификационната схема
  Не е изгубен Не е повреден без рестрикции заемане за дома 219155 Регионална библиотека "Любен Каравелов" Русе Регионална библиотека "Любен Каравелов" Русе Заемна - подръчен фонд 2013-02-22 Заемна - подръчен фонд 16.99 120000764494 П 820-31/Д 50 120000764494 1 8.69 Дост: Pk Вид: Ф N: 353 Дата: 22.02.2013 Дата инв: 14.02.2018 Бележки инв: П2018 Книги  
  Не е изгубен Не е повреден без рестрикции заемане за дома 219156 Регионална библиотека "Любен Каравелов" Русе Регионална библиотека "Любен Каравелов" Русе Заемна - подръчен фонд 2013-03-05 Заемна - подръчен фонд 13.60 120000764661 П 820-31/Д 50 120000764661 2 6.95 Дост: Pk Вид: Ф N: 424 Дата: 03.03.2013 Дата инв: 15.02.2018 Бележки инв: П2018 Книги  
  Не е изгубен Не е повреден без рестрикции заемане за дома 219157 Регионална библиотека "Любен Каравелов" Русе Регионална библиотека "Любен Каравелов" Русе Заемна - подръчен фонд 2013-12-09 Заемна - подръчен фонд 16.99 120000772732 П 820-31/Д 50 120000772732 3 8.69 Дост: DA Вид: А N: 20 Дата: 09.12.2013 Книги Universal Decimal Classification
  Не е изгубен Не е повреден без рестрикции ползва се в читалня 219158 Регионална библиотека "Любен Каравелов" Русе Регионална библиотека "Любен Каравелов" Русе Хранилище 2014-02-20 Хранилище 16.99 120000774847 Цб 258559 120000774847 4 8.69 Дост: Dp Вид: Д N: 7 Дата: 20.02.2013 Книги  
  Не е изгубен Не е повреден   заемане за дома 707096 Регионална библиотека "Любен Каравелов" Русе Регионална библиотека "Любен Каравелов" Русе Заемна - подръчен фонд 2019-05-14 Заемна - подръчен фонд 16.99   П 820-31/Д 50 120000831670   8.69   Книги Universal Decimal Classification
Vip Innovations Ltd, Rousse, Bulgaria 2025